00994cpcaa2200241 a 4500001001300000003000400013005001700017008004100034010001700075040002400092072001200116110007100128245008900199300001300288506002200301520018400323533003700507546003600544580005700580600003200637650002700669650005600696mm 80005606 DLC20260227111703.0800115|||||||||||| eng  amm 80005606  aDLCcDLCdDLCedacs 7aW2lcmd1 aUnited States.bBureau of Refugees, Freedmen, and Abandoned Lands.00aGeneral orders of the U.S. Bureau of Refugees, Freedmen, and Abandoned Lands,f1865. a1fitem.0 aOpen to research.8 aCopy of general orders from Orlando Brown, assistant commander for Virginia, outlining regulations for the restoration of abandoned lands to original owners during Reconstruction. aHandwritten transcript.b[S.l.]. aCollection material in English. aForms part of: Miscellaneous Manuscripts collection.10aBrown, Orlando,d1827-1904. 0aLand tenurezVirginia. 0aReconstruction (U.S. history, 1865-1877)zVirginia.